| 000 | 00719cab a2200241 4500 | ||
|---|---|---|---|
| 001 | WB2710-43 | ||
| 008 | 090401t1991 xxu||||| |||| 00| 0 eng d | ||
| 035 | _a(Sirsi) u28243 | ||
| 041 | _aeng | ||
| 245 | _aCAP reform called for | ||
| 260 | _c1991 | ||
| 350 | _a0 | ||
| 490 |
_aMAFF News Release _vno 64/91 27 February 1991 4 pages |
||
| 490 |
_aSingle Market Monitor _vvol 3 no 5 February 1991 p33(5) |
||
| 520 | _aUK Agriculture Minister calls for fundamental reform of CAP and a successful conclusion of the GATT talks. | ||
| 650 | _aAGRICULTURAL PRODUCTION | ||
| 650 | _aFARM PRICES | ||
| 650 | _aQUOTAS | ||
| 650 | _aSUPPORT PRICES | ||
| 690 | _aRURAL PRACTICE | ||
| 942 | _n0 | ||
| 948 | _c04/03/1997 | ||
| 999 |
_c19040 _d19040 |
||